The research on time series analysis techniques : Luận văn tiến sĩ Công nghệ Thông tin
Đã lưu trong:
| Príomhúdar: | |
|---|---|
| Formáid: | Luận văn |
| Teanga: | Undetermined |
| Foilsithe: |
Hunan University
2013
|
| Ábhair: | |
| Clibeanna: |
Cuir Clib Leis
Gan Chlibeanna, Bí ar an gcéad duine leis an taifead seo a chlibeáil!
|
| Thư viện lưu trữ: | Trung tâm Thư viện - Trường Đại học Công nghiệp TP. Hồ Chí Minh |
|---|
| LEADER | 00562nam a2200157Ia 4500 | ||
|---|---|---|---|
| 001 | UIH_01985 | ||
| 008 | 230809s9999 xx 000 0 und d | ||
| 082 | |a 4 | ||
| 100 | |a Võ, Thị Thanh Vân | ||
| 245 | 4 | |a The research on time series analysis techniques : Luận văn tiến sĩ Công nghệ Thông tin | |
| 245 | 0 | |c Võ, Thị Thanh Vân | |
| 260 | |b Hunan University | ||
| 260 | |c 2013 | ||
| 650 | |a Công nghệ thông tin | ||
| 927 | |a Luận văn | ||
| 980 | |a Trung tâm Thư viện - Trường Đại học Công nghiệp TP. Hồ Chí Minh | ||